000
00315nam a22001337a 4500
008
181004b xxu||||| |||| 00| 0 eng d
020
_a
1590312430
041
_a
eng
080
_2
5th
_a
341
100
_a
15
101
_a
SHJ
245
_a
Annotated Model Rules of Professional Conduct
_c
Gray,J.P
942
_2
udc
_c
BK
999
_c
48866
_d
48866